000 00754nam a22002537a 4500
003 OSt
005 20140310184505.0
008 131012t xxu||||| |||| 00| 0 eng d
020 _a0439334934
050 _aPZ 7
_b.H551 2001
100 _aHerman, Gail.
_928877
245 _aThe haunted ski lodge /
_cGail Herman; Duendes del Sur
260 _aNew York :
_bScholastic,
_c2001.
300 _a32 p. :
_bcol. ill. ;
_c25 cm.
440 _a Scooby-Doo!
_928878
490 _aHello Reader!, Level 2.;
_v09.
521 _aG1
526 _c120
650 _aScooby-Doo
_v(Fictitious character)
_xFiction.
_928879
650 _aDogs
_xFiction.
_928880
650 _aSkis and skiing
_xJuvenile fiction.
_928881
942 _2lcc
_cBK-SCHOLAS
999 _c34814
_d34814